Which Universal Studios Ride... - Statistics

General Stats
  • This quiz has been taken 108 times
  • The average score is 7 of 12
Answer Stats
Hint Answer % Correct
a dark water ride attraction with a drop Jurassic World - The Ride
91%
a 3D Movie theater ride featuring a panda Kung Fu Panda Adventure
81%
goes into a cardboard box and turns you into a dog The Secret Life of Pets: Off the Leash
77%
shows where movies were made and takes 1 hour the most Studio Tour
70%
a slow ride for kids to pretend to be in a game Mario Kart: Bowser's Challenge
68%
Universal Studio's first outdoor Family-Friendly coaster Flight of the Hippogriff
63%
a 3D flight journey Harry Potter and the Forbidden Journey
61%
goes 40 mph Revenge of the Mummy - The Ride
58%
a slow outside ride Super Silly Fun Land
32%
goes through a car ride Transformers: The Ride - 3D
32%
3D ride that goes up and moves The Simpson's Ride
30%
is a 3D Movie Theater ride that you sit in car shaped seats Despicable Me Minion Mayhem
16%
No matching quizzes found
Score Distribution
Percent of People with Each Score
Percentile by Number Answered
Your Score History
You have not taken this quiz